000 00464nam a2200157 i 4500
001 26620
003 ES-MaACL
005 20230906153456.0
007 t|
008 030109s1934 fr ||||1| fre d
100 1 _aAurenche, Louis.
_923929
245 1 0 _aJean-Jaques Rouseeaui Chez Mounsieur de Malby /
_cLouis Aurenche.
260 _aParĂ­s :
_b[s.n.,
_c1934] (
_eSaint Amand :
_fImp. Bussiere)
300 _a146 p. :
_bil. ;
_c19 cm.
852 _aES-MaACL
_jA-3032
999 _c26620
_d26620